000 00973nam a22003017a 4500
001 BR0102518
003 BR-BrBNA
005 20230928100909.0
007 ta
008 230509b bl.||||| |||| 00| 0 por d
040 _aBR-BrBNA
_bpor
_cBiblioteca Nacional de Agricultura
041 _a(Por)
072 _aL53; L70
_b5213
090 _ 5213 BR0102518
100 1 _aSilveira, M.J.T. da
110 1 _aUniversidade Federal de Minas Gerais, Belo Horizonte (Brasil). Escola de Veterinaria
_0Tese (Mestre em Medicina Veterinaria)
245 1 _aSexagem e diagnostico de gestacao em fetos bovinos, da raca Nelore, atraves do estudo ultra-sonografico
260 3 _aBelo Horizonte, MG (Brasil):
_c1998.
300 _a52 p.
500 _aSummaries (Eng, Por); 36 ref.; 7 illus.
650 _aGado Nelore
650 _aReproducao Animal
650 _aDiagnostico
650 _aUltra-Som
650 _aEmbriao
909 _a202309
_bLucia
_c55
_dLucia Elande
942 _cBK
999 _c63297
_d63297